Мисли и афоризми на Димитър Благоев (Запис номер 128471)
[ съкратено ]
| 000 -Лидер | |
|---|---|
| Контролно поле с фиксирана дължина | 02475nam a2200421 c 4500 |
| 003 - Код на организацията, давaща контролен номер | |
| Контролно поле | BLK |
| 005 - Дата и час на последна редакция | |
| Контролно поле | 20240321124852.0 |
| 008 - Елементи от данни с фиксирана дължина | |
| fixed length control field | 180409b bul|||||r ||||||| ||bul|| |
| 010 ## - Наследен системен номер | |
| LC control number | KNG00134193000 |
| 040 ## - Източник на каталожния запис | |
| Идентификатор на билиотеката - собственик на записа | BLK |
| 041 ## - Код за език | |
| Код за езика на текст/звукозапис или на отделно заглавие | Български |
| Код за езика КДБФ | Български |
| 080 ## - УДК | |
| Текстов определител УДК | Партии и движения със социалистически и социалдемократически възгледи. Социалистически и социалдемократически партии. Вж и 327. 323 |
| УДК код - определител по УДК | 329.14 |
| УДК определител | (497.2)(092) |
| УДК - код + определител | 329.14(497.2)(092) |
| 080 ## - УДК | |
| Текстов определител УДК | Димитър Благоев Николов (Дядото). Български политик и философ, основател на организираното социалистическо движение в България и на първата социалдемократическа партия на Балкански полуостров |
| УДК код - определител по УДК | 929 Благоев, Димитър |
| УДК - код + определител | 929 Благоев, Димитър |
| 100 ## - Редна дума - Автор | |
| Автор | Благоев, Димитър |
| Автор - информация (биография) | Дядото |
| Дати, свързани с автора | 1856 - 1924 |
| Пълна форма на името | Николов, Димитър Благоев |
| R(LIN) | 377352 |
| 139 ## - Редно поле | |
| Редна дума | Благоев, Димитър |
| Авторски знак | Бл - Б 47 |
| 245 10 - Сведения за заглавието | |
| Заглавие | Мисли и афоризми на Димитър Благоев |
| Подзаглавни данни | Сб. |
| Редно поле (дума) | Димитър Благоев; състав. Йорданка Долапчиева; худож. Александър Хачатурян; |
| 257 ## - Страна на издаване | |
| Страна на създаване/издаване | България |
| 260 ## - Област на издателските данни | |
| Място на издаване, разпространение и проч. | София |
| Име на издателя, разпространителя и проч. | Партиздат |
| Година на издаване | 1977 |
| 300 ## - Физическа характеристика | |
| Страници | 368 с. |
| Илюстрации и др. | с ил. |
| Размери/Мащаб | 19 см |
| 380 ## - Жанр | |
| Жанр | Обществени науки |
| 500 ## - Общи забележки | |
| Забележка | Други състав. : Цвета Минкова, Венета Апостолова, Олга Кузова. - 10 110 тир. |
| 600 14 - Име на лице, използвано като предмет | |
| За него / За нея | Благоев, Димитър |
| 9 (RLIN) | 294209 |
| 650 #4 - Допълнително описание по предмет – тема | |
| Основно описание – тема или топоним | Благоев, Димитър - възгледи |
| 9 (RLIN) | 294210 |
| 653 ## - Ключова дума – ненормативна | |
| Ключова дума | Димитър Благоев |
| 653 ## - Ключова дума – ненормативна | |
| Ключова дума | мисли |
| 653 ## - Ключова дума – ненормативна | |
| Ключова дума | афоризми |
| 700 1# - Други автори (авторска отговорност) | |
| Лично име | Долапчиева, Йорданка |
| Автороска отговорност (Описва отношението между автора и произведението) | състав. |
| 9 (RLIN) | 321255 |
| 700 1# - Други автори (авторска отговорност) | |
| Лично име | Хачатурян, Александър |
| Автороска отговорност (Описва отношението между автора и произведението) | худож. |
| 9 (RLIN) | 317042 |
| 700 1# - Други автори (авторска отговорност) | |
| Лично име | Николов, Димитър Благоев |
| 9 (RLIN) | 321178 |
| 852 ## - Местоположение | |
| Форматна сигнатура | Цб 85933 |
| Фондова буква | Хранилище |
| 856 4# - Електронен адрес и достъп | |
| Електронен формат | pdf - файл |
| Инструкция (цена за достъп) | 0.00 |
| Права за достъп | disable |
| 856 4# - Електронен адрес и достъп | |
| Електронен формат | pdf - файл |
| Инструкция (цена за достъп) | 0.00 |
| Права за достъп | disable |
| 999 ## - СИСТЕМНИ КОНТРОЛНИ НОМЕРА | |
| Koha biblionumber | 128471 |
| Koha biblioitemnumber | 128471 |
| 942 ## - АРТИКУЛИ | |
| Вид на библиотечния материал | Книги |
| Скрит в OPAC | Не |
| Периодичен библиозапис | Да |
| 944 ## - СЪЗДАВАНЕ И РЕДАКЦИЯ на ЗАПИСА | |
| Създаване/Редакция | Създаване |
| Дата на регистрацията/редакция | 25.09.2012 |
| Статус, дата на статуса | Нора Радева |
| Служител, извършил регистрацията/редакцията | 30545 |
| 944 ## - СЪЗДАВАНЕ И РЕДАКЦИЯ на ЗАПИСА | |
| Създаване/Редакция | Редакция |
| Дата на регистрацията/редакция | 25.09.2012 |
| Статус, дата на статуса | 25.09.2012 - от С1,Р / 25.09.2012 |
| 944 ## - СЪЗДАВАНЕ И РЕДАКЦИЯ на ЗАПИСА | |
| Създаване/Редакция | Редакция |
| Дата на регистрацията/редакция | 2022-10-27 |
| 999 ## - СИСТЕМНИ КОНТРОЛНИ НОМЕРА | |
| Koha biblioitemnumber | 128471 |
| Код за отписване | Код за изгубен артикул | Източник на класификационната схема | Код за повреда | Коз за рестрикции | Код за отдаване | Артикулен № | Име на библиотеката - собственик | Име на библиотеката, в която се намира в момента | Статус (Текущо местоположение) | Дата на вписване в системата | Местоположение - отдел | Цена в лева | Инвентарен номер | Систематично азбучна сигнатура | Баркод | Номер на екземпляра | Цена в евро | Служебна бележка | Служебен тип на артикула |
|---|---|---|---|---|---|---|---|---|---|---|---|---|---|---|---|---|---|---|---|
| Не е изгубен | Universal Decimal Classification | Не е повреден | без рестрикции | ползва се в читалня | 208783 | Регионална библиотека "Любен Каравелов" Русе | Регионална библиотека "Любен Каравелов" Русе | Хранилище | 1977-01-01 | Хранилище | 1.62 | 227733 | Цб 85933 | 120000227733 | 1 | 0.83 | N: стар фонд Дата: 01.01.1977 | Книги |